[Event "Philadelphia int op 14th"]
[Site "Philadelphia"]
[Date "2021.06.27"]
[Round "3"]
[White "Niemann, Hans Moke"]
[Black "Asaria, Danial"]
[Result "1-0"]
[WhiteElo "2567"]
[BlackElo "2318"]
[PlyCount "67"]
[EventDate "2021.06.26"]
[EventType "swiss"]
[EventRounds "9"]
[EventCountry "USA"]
[SourceTitle "CBM 203 Extra"]
[Source "ChessBase"]
[SourceDate "2021.09.30"]
[SourceVersion "1"]
[SourceVersionDate "2021.09.30"]
[SourceQuality "1"]

1. d4 d5 2. c4 e6 3. Nf3 Nf6 4. g3 Bb4+ 5. Bd2 Be7 6. Bg2 0-0 7. 0-0 c6 8. Qc2 Nbd7 9. Bf4 Ne4 10. Nc3 g5 11. Bc1 f5 12. Rb1 a5 13. a3 Bf6 14. e3 Qe8 15. b4 axb4 16. axb4 g4 17. Nd2 h5 18. b5 h4 19. Ndxe4 dxe4 20. bxc6 bxc6 21. Nxe4 fxe4 22. Qxe4 Ra6 23. Qxg4+ Kh8 24. Be4 Rg8 25. Qf3 e5 26. Bxc6 exd4 27. exd4 Rxc6 28. Qxc6 hxg3 29. hxg3 Kg7 30. Be3 Qg6 31. Kg2 Re8 32. Rbe1 Nf8 33. Qxe8 Qf5 34. Bh6+ 1-0

[Event "Pan American-ch U20"]
[Site "Cochabamba"]
[Date "2019.08.04"]
[Round "6"]
[White "Asaria, Danial"]
[Black "Lu, Maximillian"]
[Result "1/2-1/2"]
[WhiteElo "2305"]
[BlackElo "2283"]
[PlyCount "68"]
[EventDate "2019.08.01"]
[EventType "swiss"]
[EventRounds "9"]
[EventCountry "BOL"]
[SourceTitle "EXT 2020"]
[Source "ChessBase"]
[SourceDate "2019.10.17"]
[SourceVersion "1"]
[SourceVersionDate "2019.10.17"]
[SourceQuality "1"]

1. d4 Nf6 2. c4 g6 3. f3 Nc6 4. d5 Ne5 5. e4 e6 6. Nc3 Bc5 7. Bf4 d6 8. Qd2 Bd7 9. 0-0-0 Nh5 10. Bg5 Qb8 11. Be2 a6 12. g4 h6 13. Be3 Bxe3 14. Qxe3 Nf6 15. h3 g5 16. f4 gxf4 17. Qxf4 Qd8 18. dxe6 Bxe6 19. c5 Nfd7 20. cxd6 cxd6 21. Kb1 Qg5 22. Qf2 Qg6 23. Nf3 Nxf3 24. Bxf3 Qf6 25. Qe2 Ne5 26. Bg2 Rc8 27. Nd5 Bxd5 28. exd5 Kd7 29. Rhf1 Qg7 30. Rf5 Rc5 31. Qf2 Rhc8 32. Be4 Nc4 33. Bd3 Ne5 34. Be4 Rf8 1/2-1/2

[Event "Pan American-ch U20"]
[Site "Cochabamba"]
[Date "2019.08.03"]
[Round "5"]
[White "Zhang, Derek"]
[Black "Asaria, Danial"]
[Result "0-1"]
[WhiteElo "2147"]
[BlackElo "2305"]
[PlyCount "56"]
[EventDate "2019.08.01"]
[EventType "swiss"]
[EventRounds "9"]
[EventCountry "BOL"]
[SourceTitle "EXT 2020"]
[Source "ChessBase"]
[SourceDate "2019.10.17"]
[SourceVersion "1"]
[SourceVersionDate "2019.10.17"]
[SourceQuality "1"]

1. Nf3 c5 2. c4 Nc6 3. e3 e5 4. Nc3 Nf6 5. d4 e4 6. Ne5 h5 7. f3 cxd4 8. exd4 Bb4 9. fxe4 Nxe5 10. dxe5 Nxe4 11. Qd4 Qa5 12. Bd2 Nxd2 13. Kxd2 0-0 14. Bd3 d6 15. exd6 Rd8 16. Kc2 Rxd6 17. Qe3 Bf5 18. Nd5 Rxd5 19. cxd5 Rc8+ 20. Kb1 Qxd5 21. Rd1 Rd8 22. a3 Bc5 23. Bxf5 Qxf5+ 24. Ka2 Bxe3 25. Rxd8+ Kh7 26. Re1 Qf2 27. Red1 Qxg2 28. R8d7 f5 0-1

[Event "Las Vegas National op"]
[Site "Las Vegas"]
[Date "2019.06.13"]
[Round "3"]
[White "Nestorovic, Nikola"]
[Black "Asaria, Danial"]
[Result "1/2-1/2"]
[WhiteElo "2481"]
[BlackElo "2304"]
[PlyCount "64"]
[EventDate "2019.06.12"]
[EventType "swiss"]
[EventRounds "9"]
[EventCountry "USA"]
[SourceTitle "CBM 190 Extra"]
[Source "ChessBase"]
[SourceDate "2019.07.15"]
[SourceVersion "1"]
[SourceVersionDate "2019.07.15"]
[SourceQuality "1"]

1. d4 Nf6 2. Nf3 e6 3. e3 c5 4. Bd3 b6 5. 0-0 Bb7 6. b3 Nc6 7. a3 d5 8. Bb2 Bd6 9. Nbd2 0-0 10. c4 cxd4 11. exd4 Ne7 12. Qe2 Nf5 13. Rad1 Qe7 14. a4 Bb4 15. c5 Rfe8 16. Rc1 Rac8 17. Bb5 Red8 18. c6 Ba8 19. Ne5 Qd6 20. Rc2 Rc7 21. Rfc1 Ba3 22. Bxa3 Qxa3 23. Ndf3 Ne4 24. g4 Ne7 25. Nd2 Nxd2 26. Qxd2 f6 27. Nd3 Qd6 28. f4 Nxc6 29. Nb4 Rdc8 30. Bxc6 Bxc6 31. Na6 Rf7 32. Nb4 Rfc7 1/2-1/2

[Event "American op 54th"]
[Site "Costa Mesa"]
[Date "2018.11.23"]
[Round "4"]
[White "Asaria, Danial"]
[Black "Ge, Anthony"]
[Result "1-0"]
[WhiteElo "2328"]
[BlackElo "2142"]
[PlyCount "59"]
[EventDate "2018.11.22"]
[EventType "swiss"]
[EventRounds "8"]
[EventCountry "USA"]
[SourceTitle "CBM 188 Extra"]
[Source "ChessBase"]
[SourceDate "2019.02.28"]
[SourceVersion "1"]
[SourceVersionDate "2019.02.28"]
[SourceQuality "1"]

1. e4 c5 2. Nf3 e6 3. d4 cxd4 4. Nxd4 a6 5. Nc3 Qc7 6. g3 Nf6 7. Bg2 Nc6 8. 0-0 Nxd4 9. Qxd4 Bc5 10. Bf4 d6 11. Qd2 0-0 12. Rad1 Ne8 13. a3 e5 14. Nd5 Qd8 15. Bg5 f6 16. Be3 Be6 17. Bxc5 dxc5 18. Qc3 Rc8 19. f4 exf4 20. e5 Kh8 21. Nxf4 Qb6 22. Nxe6 Qxe6 23. Bxb7 Rc7 24. Bd5 Qe7 25. Bc4 Rc6 26. Rfe1 Nc7 27. e6 Rd6 28. Rxd6 Qxd6 29. e7 Re8 30. Qe3 1-0

[Event "North American op 27th"]
[Site "Las Vegas"]
[Date "2017.12.29"]
[Round "8"]
[White "Asaria, Danial"]
[Black "Ghatti, Sanjay"]
[Result "1-0"]
[WhiteElo "2347"]
[BlackElo "2212"]
[PlyCount "59"]
[EventDate "2017.12.26"]
[EventType "swiss"]
[EventRounds "9"]
[EventCountry "USA"]
[SourceTitle "CBM 182 Extra"]
[Source "ChessBase"]
[SourceDate "2018.02.23"]
[SourceVersion "1"]
[SourceVersionDate "2018.02.23"]
[SourceQuality "1"]

1. c4 e6 2. Nf3 d5 3. e3 Nf6 4. b3 c5 5. Bb2 Nc6 6. cxd5 exd5 7. Bb5 Bg4 8. 0-0 Be7 9. h3 Bh5 10. g4 Bg6 11. Ne5 Qb6 12. Bxc6+ bxc6 13. f4 Bxb1 14. Rxb1 h5 15. g5 Ne4 16. d3 Nd6 17. Qf3 Nf5 18. Kh2 Bd6 19. g6 fxg6 20. Nxg6 Rh6 21. e4 Rxg6 22. exf5 Rh6 23. Bxg7 Rh7 24. Qg3 0-0-0 25. Qg6 Qb4 26. Qxh7 Bxf4+ 27. Kh1 Qd2 28. Rb2 Qxd3 29. Rxf4 Qxh3+ 30. Rh2 1-0

[Event "Las Vegas National op"]
[Site "Las Vegas"]
[Date "2017.06.16"]
[Round "1"]
[White "Asaria, Danial"]
[Black "Bitoon, Richard"]
[Result "1-0"]
[WhiteElo "2243"]
[BlackElo "2454"]
[PlyCount "85"]
[EventDate "2017.06.16"]
[EventType "swiss"]
[EventRounds "6"]
[EventCountry "USA"]
[SourceTitle "CBM 178 Extra"]
[Source "ChessBase"]
[SourceDate "2017.06.22"]
[SourceVersion "1"]
[SourceVersionDate "2017.06.22"]
[SourceQuality "1"]

1. e4 c5 2. c3 Nf6 3. e5 Nd5 4. Nf3 Nc6 5. Bc4 e6 6. 0-0 d6 7. d4 Nb6 8. Bb3 cxd4 9. cxd4 dxe5 10. dxe5 Qxd1 11. Rxd1 Be7 12. Nc3 0-0 13. Be3 Nd7 14. Nb5 Ndxe5 15. Nxe5 Nxe5 16. Nc7 Rb8 17. Bxa7 Nc6 18. Bxb8 Nxb8 19. Ba4 Bf6 20. Rac1 Bxb2 21. Rc2 Be5 22. Ne8 Nc6 23. Nd6 Rd8 24. Bxc6 bxc6 25. Rxc6 Bb7 26. Rc7 Ba6 27. Ra7 Bc4 28. g3 h5 29. Rc1 Rxd6 30. Rxc4 g5 31. Rc5 Rd1+ 32. Kg2 Bd4 33. Rxg5+ Kf8 34. Ra8+ Ke7 35. Ra3 Rd2 36. Rf3 h4 37. gxh4 Rxa2 38. h5 f5 39. h6 Kf6 40. Rg8 Ra7 41. Rfg3 Rh7 42. R3g6+ Kf7 43. h4 1-0

[Event "Memorial Day Classic"]
[Site "Ontario"]
[Date "2017.05.28"]
[Round "3"]
[White "Asaria, Danial"]
[Black "Hilby, Craig"]
[Result "0-1"]
[WhiteElo "2243"]
[BlackElo "2380"]
[PlyCount "58"]
[EventDate "2017.05.27"]
[EventType "swiss"]
[EventRounds "6"]
[EventCountry "USA"]
[SourceTitle "CBM 178 Extra"]
[Source "ChessBase"]
[SourceDate "2017.06.22"]
[SourceVersion "1"]
[SourceVersionDate "2017.06.22"]
[SourceQuality "1"]

1. e4 c5 2. b4 cxb4 3. a3 e5 4. Nf3 Nc6 5. Bc4 Nf6 6. Ng5 d5 7. exd5 b5 8. Ba2 Nd4 9. c3 b3 10. Bxb3 Nxb3 11. Qxb3 Qxd5 12. Qxd5 Nxd5 13. d4 f6 14. Ne4 f5 15. Ng3 e4 16. 0-0 Bd7 17. Re1 Kf7 18. Nf1 Rc8 19. Bd2 Bd6 20. g3 Rhe8 21. Ne3 Nb6 22. Ra2 g5 23. Ng2 h6 24. Re2 a5 25. Kf1 Kg6 26. Bc1 Na4 27. Ne3 f4 28. Nd1 Bf5 29. Rac2 e3 0-1

[Event "Windsor NAYCC U16"]
[Site "Windsor"]
[Date "2016.08.11"]
[Round "9.36"]
[White "Asaria, Danial"]
[Black "Fan, Run Kun"]
[Result "1-0"]
[WhiteElo "2038"]
[BlackElo "1890"]
[PlyCount "33"]
[EventDate "2016.08.07"]
[EventType "swiss"]
[EventRounds "9"]
[EventCountry "CAN"]
[SourceTitle "EXT 2022"]
[Source "ChessBase"]
[SourceDate "2021.10.06"]
[SourceVersion "1"]
[SourceVersionDate "2021.10.06"]
[SourceQuality "1"]

1. e4 d5 2. exd5 Qxd5 3. Nc3 Qa5 4. d4 Nf6 5. Nf3 Bf5 6. Be2 c6 7. 0-0 g6 8. Re1 Bg7 9. Bc4 0-0 10. Rxe7 Qb4 11. Qe2 Nbd7 12. Ng5 Ne4 13. Rxf7 Nxg5 14. Rxf5+ Nf7 15. Rxf7 Rxf7 16. Qe6 Raf8 17. a3 1-0

[Event "Windsor NAYCC U16"]
[Site "Windsor"]
[Date "2016.08.08"]
[Round "3.38"]
[White "Asaria, Danial"]
[Black "Kobla, Vishal"]
[Result "1/2-1/2"]
[WhiteElo "2038"]
[BlackElo "1941"]
[PlyCount "63"]
[EventDate "2016.08.07"]
[EventType "swiss"]
[EventRounds "9"]
[EventCountry "CAN"]
[SourceTitle "EXT 2022"]
[Source "ChessBase"]
[SourceDate "2021.10.06"]
[SourceVersion "1"]
[SourceVersionDate "2021.10.06"]
[SourceQuality "1"]

1. e4 c5 2. b4 cxb4 3. a3 Nc6 4. axb4 Nxb4 5. c3 Nc6 6. d4 d5 7. exd5 Qxd5 8. Na3 Bf5 9. Nf3 e5 10. Bc4 Qe4+ 11. Be3 Bxa3 12. Rxa3 exd4 13. Bxf7+ Kf8 14. cxd4 Qe7 15. Qb3 Qxf7 16. d5 Nce7 17. Bc5 Rd8 18. 0-0 Qxd5 19. Qb4 b6 20. Bd4 Qd6 21. Qb2 Nf6 22. Be5 Qe6 23. Ng5 Qc6 24. g4 Bxg4 25. Rc1 Qxc1+ 26. Qxc1 Rd1+ 27. Qxd1 Bxd1 28. Rxa7 Ne8 29. Ne6+ Kf7 30. Nd8+ Kf8 31. Ne6+ Kf7 32. Nd8+ 1/2-1/2

[Event "Windsor NAYCC U16"]
[Site "Windsor"]
[Date "2016.08.07"]
[Round "1.38"]
[White "Asaria, Danial"]
[Black "Zhu, Brandon"]
[Result "1-0"]
[WhiteElo "2038"]
[BlackElo "1861"]
[PlyCount "54"]
[EventDate "2016.08.07"]
[EventType "swiss"]
[EventRounds "9"]
[EventCountry "CAN"]
[SourceTitle "EXT 2022"]
[Source "ChessBase"]
[SourceDate "2021.10.06"]
[SourceVersion "1"]
[SourceVersionDate "2021.10.06"]
[SourceQuality "1"]

1. e4 d6 2. d4 Nf6 3. Nc3 e5 4. Nf3 Nbd7 5. Bc4 Be7 6. 0-0 0-0 7. Bg5 c6 8. a4 h6 9. Bh4 Qc7 10. Bg3 b6 11. Nh4 Re8 12. Qe2 exd4 13. Bxf7+ Kxf7 14. Qc4+ d5 15. Nxd5 Ba6 16. Qxa6 Qc8 17. Qxc8 Raxc8 18. Nxe7 Rxe7 19. Nf5 Re6 20. e5 Ne4 21. Nh4 g5 22. f4 Nxg3 23. hxg3 Ree8 24. Nf5 Nc5 25. Nd6+ Ke6 26. Rae1 Rcd8 27. f5+ Kd5 1-0

[Event "Toronto NAYCC U12"]
[Site "Toronto"]
[Date "2013.08.16"]
[Round "5"]
[White "Asaria, Danial"]
[Black "Li, Ben"]
[Result "1/2-1/2"]
[WhiteElo "2022"]
[BlackElo "2037"]
[PlyCount "87"]
[EventDate "2013.08.14"]
[EventType "swiss"]
[EventRounds "9"]
[EventCountry "CAN"]
[SourceTitle "EXT 2022"]
[Source "ChessBase"]
[SourceDate "2021.10.06"]
[SourceVersion "1"]
[SourceVersionDate "2021.10.06"]
[SourceQuality "1"]

1. e4 c5 2. Nf3 d6 3. d4 cxd4 4. Qxd4 Nc6 5. Bb5 Bd7 6. Bxc6 Bxc6 7. Nc3 Nf6 8. Bg5 e6 9. 0-0-0 Be7 10. Rhe1 Qa5 11. e5 dxe5 12. Rxe5 Qb4 13. Bxf6 gxf6 14. Re3 Qxd4 15. Nxd4 Bc5 16. Red3 Bxg2 17. Ndb5 Bb6 18. f3 0-0 19. Ne4 Kg7 20. Nbd6 f5 21. Ng3 Rfd8 22. Nh5+ Kf8 23. Nf6 Ke7 24. Nh5 Rab8 25. c4 Bc5 26. Nf4 Rxd6 27. Nxg2 Rxd3 28. Rxd3 Rg8 29. Ne1 Bg1 30. h3 Rg3 31. f4 Be3+ 32. Kd1 Bxf4 33. Rxg3 Bxg3 34. Nd3 Bd6 35. c5 Bc7 36. b4 e5 37. b5 Ke6 38. Nb4 Ba5 39. a3 Bxb4 40. axb4 b6 41. c6 Kd6 42. Ke2 a6 43. bxa6 Kxc6 44. b5+ 1/2-1/2